000 00264nam a2200109Ia 4500
008 220120s9999||||xx |||||||||||||| ||und||
020 _a9780141302577
100 _aGodse, A.P
_91195
245 0 _aAdvanced microprocessors
260 _bNew York
300 _a108p.
_b0
999 _c136456
_d136456